La res cogitans en Espinosa
Saved in:
| 主要作者: | |
|---|---|
| 格式: | 圖書 |
| 語言: | 西班牙语 |
| 出版: |
Pamplona
EUNSA
1976
|
| 叢編: | Colección Filosófica, 21
|
| 主題: | |
| 標簽: |
添加標簽
沒有標簽, 成為第一個標記此記錄!
|
MARC
| LEADER | 00000nam a2200000 a 4500 | ||
|---|---|---|---|
| 001 | UCZ3769 | ||
| 003 | CL-VaPUC | ||
| 008 | 951027e19760000SP |||||||||||||||||spa|d | ||
| 082 | 0 | 4 | |a 149.7 |b FAL |2 21 |
| 100 | 0 | |a Falgueras Salinas, Ignacio |e author |9 347609 | |
| 245 | 1 | 3 | |a La res cogitans en Espinosa |
| 300 | |a 307 P | ||
| 942 | |c BK | ||
| 945 | |d 19951027 00:00:00 |a cmena | ||
| 260 | |a Pamplona |b EUNSA |c 1976 | ||
| 600 | 0 | 7 | |a SPINOZA, BENEDICTUS DE |2 CL-VaPUC |9 319727 |
| 650 | 0 | |a Racionalismo |9 259116 | |
| 650 | 0 | |a Teoría del conocimiento |9 255038 | |
| 650 | 0 | |a Metodología |9 256610 | |
| 650 | 7 | |a OBRAS |2 CL-VaPUC |9 269205 | |
| 583 | |a last modification |c 19951027 00:00:00 |k Rodrigo Vera | ||
| 490 | 0 | |a Colección Filosófica, 21 | |
| 999 | |c 240217 |d 240215 | ||
| 952 | |0 0 |1 0 |4 0 |6 149_700000000000000_FAL_1976 |7 0 |8 A |9 251943 |a BIBEDU |b BIBEDU |d 2019-11-18 |i 1588710 |l 1 |m 1 |o 149.7 FAL 1976 |p 1588710 |r 2023-08-24 |s 2023-08-11 |w 2019-11-18 |y BK |k FIL | ||